Sports Quiz

Random Sports or NBA Quiz
Score 0/30 Timer 05:00
49 Plays Today
% Correct
Minnesota Timberwolves
91.9%
Chicago Bulls
91.1%
Denver Nuggets
91%
Atlanta Hawks
90.7%
Boston Celtics
89.7%
Houston Rockets
89.5%
New Orleans Pelicans
89.1%
Phoenix Suns
87%
Oklahoma City Thunder
86%
Miami Heat
85.7%
Toronto Raptors
85.7%
Orlando Magic
83.9%
Charlotte Hornets
82.7%
Memphis Grizzlies
79.2%
San Antonio Spurs
79%
% Correct
Washington Wizards
77.6%
Detroit Pistons
73.2%
Los Angeles Lakers
69.9%
Los Angeles Clippers
67.8%
Utah Jazz
65.9%
Golden State Warriors
62.8%
New York Knicks
60.3%
Sacramento Kings
58.8%
Milwaukee Bucks
58.6%
Brooklyn Nets
58.5%
Cleveland Cavaliers
57.5%
Philadelphia 76ers
57.3%
Dallas Mavericks
45.9%
Indiana Pacers
43.3%
Portland Trail Blazers
42%
Remove Ads.
Support Sporcle.
Get the best of Sporcle when you Go Orange. This ad-free experience offers more features, more stats, and more fun while also helping to support Sporcle. Thank you for becoming a member.

You're not logged in!

Compare scores with friends on all Sporcle quizzes.
OR
Log In

Show Comments

Extras

Top Quizzes Today


Score Distribution

Your Account Isn't Verified!

In order to create a playlist on Sporcle, you need to verify the email address you used during registration. Go to your Sporcle Settings to finish the process.

Report this User

Report this user for behavior that violates our Community Guidelines.

Details: